000 00405nam a2200169Ia 4500
008 230524s9999 xx 000 0 und d
020 _a97800707004457
082 _bSIN
100 _aArjun Singh
_942900
245 0 _aAirport Ground Navigation Systems
250 _a2
260 _aNew Delhi
_bTMH
_c2011
300 _a"XVI,1057p;"
500 _aQuantity Number: 1
650 _aCivil
942 _cBK
999 _c57869
_d57869